[Event "11th Arad Open 2018"]
[Site "Arad"]
[Date "2018.08.06"]
[Round "2"]
[White "Geher, Koppany"]
[Black "Zawadzka, Jolanta"]
[Result "1/2-1/2"]
[WhiteElo "2137"]
[BlackElo "2435"]
[Annotator "TA"]
[PlyCount "103"]
[EventDate "2018.08.05"]
[EventType "swiss"]
[EventCountry "ROU"]
[SourceTitle "playchess.com"]
[Source "ChessBase"]
[SourceQuality "1"]

{[%evp 31,103,58,58,54,97,37,37,41,40,37,42,22,42,42,39,39,49,34,45,32,22,27,24,24,20,32,68,31,41,31,119,92,143,57,56,4,8,6,3,17,43,43,62,63,70,60,60,49,76,43,40,40,33,37,43,35,50,47,48,45,55,47,47,0,51,31,33,27,66,0,0,0,50,0]} 1. e4 c5 2. Nf3 d6 3. d4 cxd4 4. Nxd4 Nf6 5. Nc3 Nc6 6. Bg5 e6 7. Qd2 a6 8. O-O-O h6 9. Nxc6 bxc6 10. Bf4 d5 11. Qe3 Bb4 12. Be2 {B66: Sicilian: Richter-Rauzer: 7...a6 8 0-0-0 h6} O-O 13. e5 Nh7 (13... Nd7 14. Qg3 Kh8 15. Qh3 Kg8 16. Rd3 Be7 17. Rg3 Bh4 18. Bxh6 g6 19. Rg4 Bxf2 20. Rf1 Bc5 21. Bg5 Be7 22. Bxe7 Qxe7 23. Qh6 Nxe5 24. Rh4 {1-0 (24) Wang,H (2709)-Ivanchuk,V (2726) Huaian 2017}) 14. Ne4 f5 15. exf6 Nxf6 16. Nxf6+ Qxf6 {LiveBook: 3 Games} 17. Be5 $1 {[%cal Re5f6]} Bc5 {[#]} 18. Bxf6 $146 (18. Qc3 $1 $16 Qe7 19. f4) ({Predecessor:} 18. Qc3 Qxf2 19. Bd3 Ra7 {1-0 (27) Sevian,S (2601)-Vasquez Schroder,R (2553) Medellin 2017}) 18... Bxe3+ $14 19. fxe3 {[%cal Bf2e3,Be3e4][%mdl 32]} Rxf6 20. e4 a5 21. Rhe1 Bb7 22. Bf3 a4 23. Re3 Ra5 24. exd5 cxd5 25. Rd4 Bc6 26. Rc3 e5 27. Rb4 e4 28. Be2 Kf7 29. Kd2 Ra7 30. Ke3 Ba8 (30... Ke7 $14) 31. Rc8 Ke7 ({Black should try} 31... Bc6) 32. Rbb8 (32. Bb5 $16) 32... Bc6 33. Bb5 (33. c4 $14) 33... Bxb5 $11 34. Rxb5 {[%mdl 4096] Endgame KRR-KRR} Rd7 35. Rcc5 Ke6 36. c4 {[%cal Rc4d5]} dxc4 37. Rxc4 a3 $1 38. Rxe4+ Kf7 39. bxa3 Rfd6 40. Rb2 Rd3+ 41. Ke2 Rxa3 42. Re3 Ra5 43. a3 h5 44. Rd2 Rb7 45. Red3 Kg6 46. Rd6+ Kh7 47. R6d3 Kh6 (47... Kg6 $11) 48. Rc2 g6 49. Kd2 Rb1 50. Rc1 Rb2+ 51. Rc2 Rb1 52. Rc1 {Precision: White = 45%, Black = 41%.} 1/2-1/2

[Event "11th Arad Open 2018"]
[Site "Arad"]
[Date "2018.08.06"]
[Round "2"]
[White "David, Bogdan-Emanuel"]
[Black "David, Alexandru-Vasile"]
[Result "0-1"]
[WhiteElo "2104"]
[BlackElo "2421"]
[Annotator "TA"]
[PlyCount "76"]
[EventDate "2018.08.05"]
[EventType "swiss"]
[EventCountry "ROU"]
[SourceTitle "playchess.com"]
[Source "ChessBase"]
[SourceQuality "1"]

{[%evp 15,76,40,37,20,21,23,34,12,14,13,39,-2,-8,-6,-8,-8,0,-72,-66,-126,-101,-134,-123,-134,-134,-162,-161,-190,-168,-181,-159,-206,-194,-200,-187,-183,-194,-212,-212,-238,-222,-280,-195,-201,-184,-285,-251,-377,-376,-1178,-1172,-5922,-3659,-5922,-5756,-3781,-3005,-29995,-29996,-29996,-29993,-29994,-714]} 1. e4 c5 2. Nc3 Nc6 3. Bb5 Nd4 4. Nf3 e6 5. O-O a6 6. Bd3 Qc7 {B30: Sicilian: 2...Nc6 3 Bb5, lines without ...g6} (6... Nc6 7. b3 Nge7 8. Bb2 Ng6 9. Re1 Be7 10. Nd5 exd5 11. exd5 O-O 12. dxc6 dxc6 13. Bxg6 hxg6 14. a4 {½-½ (81) Grischuk,A (2772)-Harikrishna,P (2744) Huaian 2017}) 7. Nxd4 cxd4 8. Ne2 Bc5 {LiveBook: 4 Games. White is slightly better.} 9. b4 Bxb4 10. Nxd4 Nf6 11. Rb1 $146 ({Predecessor:} 11. Bb2 Bd6 12. Nf3 Ng4 13. h3 Ne5 14. Nxe5 Bxe5 15. Bxe5 Qxe5 {1-0 (36) Schebler,G (2453)-Goormachtigh,J (2242) Gent 2008}) 11... Be7 12. Bb2 O-O 13. f4 d5 14. e5 Ne4 15. Qe2 b5 16. f5 (16. Kh1 $11 {keeps the balance.}) 16... Bc5 $17 17. Bxe4 (17. fxe6 $15 Qxe5 18. exf7+ Rxf7 19. Rxf7 Kxf7 20. Qe3) 17... Qxe5 18. Bd3 Bxd4+ 19. Bxd4 Qxd4+ 20. Kh1 {[#]} exf5 $1 21. c3 Qf6 22. Rb4 Bd7 23. Qf3 g6 24. Rd4 Qg5 25. h4 Qf6 26. Kg1 Rae8 27. Qf4 Re5 28. g4 Rfe8 29. Qg3 Kh8 30. g5 (30. Kh2 {was necessary.}) 30... Qb6 31. a3 (31. Kh2 $142) 31... Qd6 $19 32. Ra1 $2 {[#]} (32. Qg2) 32... Re1+ $1 {[%mdl 512]} 33. Qxe1 (33. Rxe1 Qxg3+) 33... Rxe1+ 34. Rxe1 Qg3+ 35. Kf1 f4 {( -> ...Bh3+)} 36. Re7 Bh3+ {Black mates.} 37. Ke2 Bg4+ 38. Kf1 f3 {Precision: White = 20%, Black = 79%.} (38... Bf3 $142 39. Re8+ Kg7 40. Re2 Qh3+ 41. Kg1 Qh1+ 42. Kf2 Qg2+ 43. Ke1 Qg1#) 0-1

[Event "11th Arad Open 2018"]
[Site "Arad"]
[Date "2018.08.06"]
[Round "2"]
[White "Talu, Mircea"]
[Black "Petrisor, Adrian-Marian"]
[Result "1/2-1/2"]
[WhiteElo "2092"]
[BlackElo "2416"]
[Annotator "TA"]
[PlyCount "144"]
[EventDate "2018.08.05"]
[EventType "swiss"]
[EventCountry "ROU"]
[SourceTitle "playchess.com"]
[Source "ChessBase"]
[SourceQuality "1"]

{[%evp 19,144,37,34,0,10,0,20,14,32,31,37,17,18,19,29,20,25,32,45,25,47,7,12,0,14,0,0,0,0,0,0,0,0,-8,-8,-15,-8,-11,-14,-230,-233,-231,-229,-232,-179,-225,-219,-261,-56,-52,-39,-42,-52,-63,-16,-25,-13,-24,-24,-10,-10,-16,0,-8,-8,-8,0,-8,-8,-8,0,0,0,0,8,0,0,0,0,0,8,0,8,8,4570,8,22,8,13,-7,0,0,0,-8,-8,-8,-8,-8,-8,-8,-8,-8,-8,-8,-8,-8,-8,-24,-24,-24,-24,-24,-24,-24,-8,-8,-8,-8,0,0,0,0,0,0,0,0,0]} 1. d4 Nf6 2. c4 e6 3. Nf3 c5 4. d5 exd5 5. cxd5 d6 6. Nc3 g6 7. g3 Bg7 8. Bg2 O-O 9. O-O Re8 10. Bf4 Nh5 {LiveBook: 61 Games} 11. Be3 {A62: Modern Benoni: Fianchetto Variation without early ...Nbd7} (11. Bg5 Qd7 12. a4 Na6 13. Nd2 h6 14. Be3 Nb4 15. Nc4 b6 16. Nb5 Bf8 17. Qd2 Kh7 18. h3 Ba6 {0-1 (38) Navara,D (2725)-Grigoriants,S (2563) Tallinn 2016}) 11... Nd7 $146 ({Predecessor:} 11... Na6 12. Nd2 Bd7 13. Bf3 Bh3 14. Re1 Rxe3 15. fxe3 Qg5 16. Kf2 Bh6 17. Nc4 Re8 18. Qd2 Nf6 {½-½ (28) D'Israel,D (2277)-Oliveira,J (2292) Sao Paulo 2007}) 12. Qc1 b6 13. Re1 Ba6 14. a4 Ne5 15. Nxe5 Bxe5 16. Bg5 Qd7 17. e4 Bd3 18. Qd2 c4 19. f3 a6 20. Bf1 Bxf1 21. Kxf1 b5 22. axb5 axb5 23. Be3 b4 {...Qh3+ is the strong threat.} 24. Ne2 {[#]} c3 $1 {[%mdl 512]} 25. bxc3 bxc3 26. Nxc3 Qh3+ 27. Kg1 Nxg3 28. hxg3 Qxg3+ 29. Kf1 $2 (29. Qg2 $11 {and White stays safe.} Qxg2+ 30. Kxg2 Bxc3 31. Rxa8 Rxa8 32. Rc1 Ra2+ 33. Kg3) 29... Qxf3+ 30. Kg1 Qg4+ 31. Kf1 Qh3+ 32. Kg1 Rac8 33. Rac1 Bxc3 $2 (33... f5 $19 {Threatens to win with ...Qg4+.} 34. Na2 f4 $1 {[%mdl 512]}) 34. Rxc3 $15 Rxc3 35. Qxc3 Rxe4 36. Kf2 $1 Rf4+ 37. Ke2 Qf3+ 38. Kd2 Qxd5+ 39. Qd3 Qa2+ 40. Qc2 Qxc2+ 41. Kxc2 $11 {[%mdl 4096] Endgame KRB-KR} Re4 42. Kd3 Re6 43. Ra1 h5 44. Bd4 {White wants to mate with Ra8+.} f5 (44... g5 {feels hotter.} 45. Rf1 Kh7 46. Rxf7+ Kg6 47. Rg7+ Kf5) 45. Kc4 g5 46. Kd5 Rg6 47. Ra8+ Kf7 48. Ra7+ Ke8 49. Ra8+ Kd7 50. Ra7+ Kd8 51. Rf7 {Black should prevent Bf6+.} h4 $2 {[%mdl 8192] [#]} (51... Ke8 $11 52. Rxf5 h4) 52. Rxf5 $2 (52. Bf6+ $1 $18 Kc8 53. Kc6) 52... h3 53. Bg1 g4 54. Ke4 Kd7 55. Rh5 Re6+ 56. Kf4 Re2 57. Rh4 Kc6 58. Rxg4 h2 {[#]} 59. Bxh2 $1 {[%mdl 512]} Rxh2 {KR-KR} 60. Ke3 Kc5 61. Kd3 d5 62. Rg3 Ra2 {( -> ...Ra3+)} 63. Rg8 (63. Rg4 {keeps more tension.} Ra3+ 64. Kd2 Rh3 65. Rf4 Rh1 66. Rf3) 63... Ra3+ 64. Kd2 Kc4 65. Rc8+ Kd4 {With the idea ...Ra2+.} 66. Rh8 Rg3 67. Rh4+ {The position is equal.} Kc5 68. Kc2 d4 69. Rh8 Rc3+ 70. Kd2 Kc4 71. Rc8+ Kb3 72. Rb8+ $1 Kc4 {Precision: White = 55%, Black = 42%.} 1/2-1/2

[Event "11th Arad Open 2018"]
[Site "Arad"]
[Date "2018.08.06"]
[Round "2"]
[White "Zaim, Marian"]
[Black "Roubalik, Jakub"]
[Result "0-1"]
[WhiteElo "2084"]
[BlackElo "2402"]
[Annotator "TA"]
[PlyCount "104"]
[EventDate "2018.08.05"]
[EventType "swiss"]
[EventCountry "ROU"]
[SourceTitle "playchess.com"]
[Source "ChessBase"]
[SourceQuality "1"]

{[%evp 10,104,-22,-21,-24,-35,-31,-34,-27,-29,-26,-31,-29,-43,-35,-53,-48,-64,-47,-60,-38,-79,-84,-93,-85,-87,-79,-92,-100,-108,-95,-116,-103,-145,-111,-104,-114,-132,-126,-127,-134,-124,-131,-276,-245,-337,-248,-510,-425,-800,-511,-962,-922,-964,-959,-970,-957,-892,-873,-1088,-1074,-1210,-518,-1122,-879,-1126,-904,-831,-525,-789,-779,-715,-500,-827,-796,-29977,-508,-29990,-743,-651,-599,-590,-592,-785,-780,-770,-771,-933,-850,-1626,-1413,-2420,-2002,-2468,-2320,-1800,-1716]} 1. c4 Nf6 2. Nf3 e6 3. g3 d5 4. b3 d4 5. Bb2 c5 (5... Nc6 6. d3 e5 7. Bg2 Be7 8. O-O O-O 9. Na3 Bg4 10. Nc2 a5 11. a3 Re8 12. Qd2 Qd6 13. Rab1 {1-0 (45) Apicella,M (2512)-Le Roux,J (2588) Nancy 2013}) 6. b4 {LiveBook: 19 Games. A13: English Opening: 1...e6} Bd6 7. bxc5 Bxc5 8. d3 {Black is slightly better.} Nc6 9. Bg2 O-O 10. O-O e5 11. Nbd2 Re8 $146 12. Nb3 Bf8 13. h3 Bf5 14. Nh4 Be6 15. Bc1 h6 $36 {[%mdl 2048] Black is on the roll.} 16. Nd2 Qc7 17. g4 Be7 18. Nhf3 Rad8 19. Ne1 Nd7 20. Nc2 Nc5 21. Ne4 Nxe4 22. Bxe4 Qd7 23. f3 f5 24. gxf5 Bxf5 25. Bxf5 Qxf5 26. Kg2 (26. Rf2 $17) 26... Bd6 27. Rh1 Re6 28. Bd2 $2 (28. Rb1 {might work better.}) 28... Rg6+ 29. Kf2 (29. Kf1 $142 Rf8 30. Rb1) 29... Rf8 30. Qf1 (30. Kf1 $142 e4 31. dxe4 Qxe4 32. Be1) 30... e4 $19 {( -> ...Bg3+)} 31. Ke1 exd3 32. exd3 Rg3 33. Kd1 Rxf3 34. Qe2 Rxd3 35. Ne1 Rxh3 (35... Rg3 $142 {Hoping for ...d3.} 36. c5 d3 37. Nxd3 Nd4) 36. Rg1 (36. Rxh3 $142 Qxh3 37. Rb1) 36... Rh2 37. Rg2 Rxg2 38. Qxg2 Bf4 {aiming for ...Bxd2.} 39. Bxf4 Qxf4 40. Rb1 Rf7 41. Qd5 (41. Rb3 $142) 41... Kh7 42. Rb5 Re7 (42... Qg4+ $142 43. Kc1 Rf1 44. Kb2 Qe2+ 45. Ka3 Rf2 46. c5 Qxb5 47. Nc2 Qa6+ 48. Kb2 {[#]} Rxc2+ $1 {[%mdl 512]} 49. Kxc2 Nb4+ 50. Kb3 Nxd5 51. a4 Qd3+ 52. Kb2 Qc3+ 53. Kb1 Nb4 54. a5 Qc2+ 55. Ka1 Qc1#) 43. Rb3 {[#]} (43. Qf5+ $19 Qxf5 44. Rxf5) 43... Qg4+ (43... Qf1 $142 44. Qf3 Qxe1+ 45. Kc2 Re2+ 46. Qxe2 Qxe2+ 47. Kb1 Na5 48. Rb4 d3 49. c5 Qc2+ 50. Ka1 d2 51. Rb5 d1=Q+ 52. Rb1 Qdxb1#) 44. Qf3 {Black is clearly winning.} Qxf3+ 45. Nxf3 {[%mdl 4096] Endgame KRN-KRN} g5 {[%cal Bg7g5,Bg5g4][%mdl 32]} 46. Rd3 Kg6 47. Rd2 Re4 48. Rd3 g4 49. Nd2 Re3 50. Rxe3 dxe3 51. Nf1 Kg5 52. Nxe3 h5 {Precision: White = 30%, Black = 64%.} 0-1

[Event "11th Arad Open 2018"]
[Site "Arad"]
[Date "2018.08.06"]
[Round "2"]
[White "Bucur, Denisa-Andreea"]
[Black "Macovei, Andrei"]
[Result "0-1"]
[WhiteElo "2077"]
[BlackElo "2394"]
[Annotator "TA"]
[PlyCount "100"]
[EventDate "2018.08.05"]
[EventType "swiss"]
[EventCountry "ROU"]
[SourceTitle "playchess.com"]
[Source "ChessBase"]
[SourceQuality "1"]

{[%evp 20,100,35,-8,33,16,22,16,12,14,12,17,28,0,17,14,30,20,26,18,15,0,0,-5,0,-8,0,0,0,-9,21,-23,-34,-72,-61,-55,-55,-63,-58,-89,-35,-101,-101,-104,-104,-103,-103,-104,-89,-104,-104,-104,-112,-120,-91,-163,-160,-208,-197,-245,-225,-241,-237,-229,-204,-191,0,-225,-141,-327,-327,-314,-310,-288,-239,-556,-423,-549,-549,-536,-506,-413,-266]} 1. d4 Nf6 2. Nf3 e6 3. c4 b6 4. a3 Bb7 5. Nc3 g6 6. Bf4 Bg7 7. h3 O-O 8. e3 d6 9. Be2 Nbd7 10. O-O {E12: Queen's Indian: Unusual White 4th moves, 4 a3, 4 Nc3 Bb7 5 a3 and 4 Nc3 Bb7} Qe7 11. Bh2 {LiveBook: 4 Games} a6 $146 ({Predecessor:} 11... Rfd8 12. b4 c5 13. Qb3 Ne4 14. Nxe4 Bxe4 15. Rac1 Rac8 {½-½ (41) Jorczik,J (2400)-Vallejo Pons,F (2716) Germany 2014}) 12. Rc1 {White is slightly better.} Rfd8 13. b4 Ne4 14. Nxe4 Bxe4 15. Nd2 Bb7 16. Nb3 Nf6 17. c5 Bd5 18. Bf3 e5 19. Bxd5 Nxd5 20. Qf3 e4 21. Qe2 Qe6 22. Qc2 Rdc8 23. Rfd1 f5 24. Qb1 Kf7 25. cxd6 cxd6 {aiming for ...Nc3.} 26. Rxc8 Rxc8 27. Rc1 Ke7 28. Qb2 Qd7 29. Rc2 Rc7 (29... Rxc2 $17 30. Qxc2 Qc7 31. Qxc7+ Nxc7) 30. Qc1 ({Better is} 30. Nd2 $15) 30... Qc8 $17 31. Rxc7+ Qxc7 32. Qxc7+ Nxc7 {[%mdl 4096] Endgame KBN-KBN} 33. Nd2 b5 34. Kf1 Nd5 35. Ke2 Nc3+ 36. Ke1 Ke6 37. f3 (37. g4 $17) 37... Bh6 $19 38. f4 Bf8 39. Bg3 Be7 40. Kf1 Kd5 41. Be1 Nd1 42. Ke2 Nc3+ 43. Kf1 Bd8 44. Kf2 $2 {[#]} (44. g4 $17) 44... g5 45. g3 h5 46. Kf1 h4 47. gxh4 $2 (47. Bf2 {was the crucial defense.} Ke6 48. gxh4 gxf4 49. exf4) 47... gxf4 48. exf4 Kxd4 49. h5 Kd3 50. h6 Nd5 {Precision: White = 37%, Black = 60%.} 0-1

[Event "11th Arad Open 2018"]
[Site "Arad"]
[Date "2018.08.06"]
[Round "2"]
[White "Paraschiv, Paul-Alexandru"]
[Black "Soltanici, Ruslan"]
[Result "0-1"]
[WhiteElo "2074"]
[BlackElo "2383"]
[Annotator "TA"]
[PlyCount "112"]
[EventDate "2018.08.05"]
[EventType "swiss"]
[EventCountry "ROU"]
[SourceTitle "playchess.com"]
[Source "ChessBase"]
[SourceQuality "1"]

{[%evp 18,112,-4,-8,0,-32,29,-77,-93,-113,-87,-114,-110,-112,-95,-148,-150,-152,-133,-140,-125,-136,-136,-128,-113,-120,-109,-120,-108,-112,-81,-118,-44,-141,-139,-141,-108,-120,-120,-120,-113,-113,-116,-123,-118,-119,-119,-125,-126,-123,-109,-109,-109,-101,-102,-105,-109,-98,-79,-75,-41,-68,-66,-81,-50,-54,-52,-134,-62,-61,-58,-54,-62,-106,-102,-109,-97,-106,-102,-142,-135,-143,-104,-141,-142,-160,-156,-168,-155,-274,-264,-1252,-1272,-1272,-1145,-1153,-918]} 1. d4 Nf6 2. Bf4 d5 3. e3 c5 4. c3 Nc6 5. Nd2 Bf5 6. Qb3 {D00: Damenbauernspiele} (6. Ngf3 e6 7. Be2 Bd6 8. dxc5 Bxc5 9. Nd4 Bg6 10. Qa4 O-O 11. Nxc6 bxc6 12. Qxc6 Rc8 13. Qa4 Re8 14. O-O e5 {0-1 (57) Le,Q (2737)-Ding,L (2777) Riadh 2017}) 6... Qd7 7. dxc5 e5 8. Bg3 Bxc5 9. Ngf3 Qe7 10. Bb5 {LiveBook: 6 Partien} Bd6 11. c4 O-O $146 (11... a6 $15 12. Bxc6+ bxc6) ({Vorgänger:} 11... a6 12. c5 Bc7 {0-1 (29) Nilssen,J (2300)-Englert,F (2391) Ballerup 2016}) 12. Bxc6 (12. cxd5 $11 {hält das Gleichgewicht.} Nb4 13. Rc1) 12... bxc6 $17 13. O-O Rfe8 14. a3 a5 15. Qa4 Qb7 16. c5 ({Besser ist} 16. Rfe1) 16... Bc7 ({Viel schwächer ist} 16... Bxc5 17. Bxe5 Nd7 18. Bc3 $15) 17. b3 Bd3 18. Rfc1 Ne4 19. Nxe4 Bxe4 ({Finger weg von} 19... dxe4 20. Ne1 $15) 20. Nd2 Bg6 21. h3 f6 22. e4 Red8 23. f3 Rab8 24. exd5 Rxd5 ({Günstiger ist} 24... cxd5 $17 25. f4 e4) 25. Nc4 (25. Be1 $15) 25... Rxc5 26. Bf2 Rd5 {Und ...c5 würde nun gewinnen.} 27. Ne3 Rb5 28. Qc4+ Bf7 29. Qxc6 Qxc6 30. Rxc6 Bd8 31. b4 axb4 32. axb4 Rxb4 33. Rac1 Rb1 34. Rxb1 Rxb1+ 35. Kh2 {[#] Schwarz muss nun Tc8 beachten.} Rb8 36. Nf5 Be8 37. Ra6 g6 38. Nd6 Be7 39. Bh4 g5 40. Nf5 Bf8 ({Doch nicht} 40... gxh4 41. Nxe7+ Kg7 42. Ra7 $15) 41. Bg3 Kf7 42. Ne3 {[#]} (42. Ra7+ $15 Kg6 43. Ne7+ Bxe7 44. Rxe7) 42... Rd8 (42... Bb5 $1 $17 {[%cal Rb5a6]} 43. Ra7+ Kg6) 43. h4 $1 $15 h6 {[%cal Bh7h6,Bh6g5][%mdl 32]} 44. Ng4 Bg7 45. Ra7+ Rd7 46. Ra8 Rb7 47. hxg5 hxg5 48. Ra6 Bd7 49. Ne3 Be6 {zielt auf ...f5 ab.} 50. Ra5 Bf8 51. Nd1 Bb4 52. Ra8 Bc5 53. Nc3 (53. Ra6 $17) 53... Kg6 $19 54. Ra6 $2 (54. Rh8) 54... Rh7+ {Schwarz steht klar auf Gewinn.} 55. Bh4 Rxh4+ 56. Kg3 Bb4 {Precision: Weiß = 38%, Schwarz = 52%.} 0-1

[Event "11th Arad Open 2018"]
[Site "Arad"]
[Date "2018.08.06"]
[Round "2"]
[White "Creanga, Robert-Ionut"]
[Black "Peptan, Corina-Isabela"]
[Result "1/2-1/2"]
[WhiteElo "2069"]
[BlackElo "2380"]
[Annotator "TA"]
[PlyCount "94"]
[EventDate "2018.08.05"]
[EventType "swiss"]
[EventCountry "ROU"]
[SourceTitle "playchess.com"]
[Source "ChessBase"]
[SourceQuality "1"]

{[%evp 22,94,33,38,36,31,49,41,58,-24,-27,-29,-24,-14,0,0,0,-27,-25,-35,-28,-55,-62,-58,-50,-47,-58,-58,-58,-58,-52,-56,-20,-31,-32,-103,-101,-96,0,-7,-6,-28,-12,-6,0,0,0,0,0,0,0,-7,0,-24,0,0,0,0,0,0,0,0,2,0,0,0,74,1,2,1,2,2,2,0,29995]} 1. d4 Nf6 2. c4 e6 3. Nc3 Bb4 4. Qc2 c5 5. dxc5 O-O 6. Nf3 Bxc5 7. Bg5 {[%cal Bc1g5,Bg5h4,Bh4g3][%mdl 32]} h6 8. Bh4 Be7 {E32: Nimzo-Indian: Classical (4 Qc2): 4...0-0} 9. e3 b6 10. Be2 Bb7 11. O-O d6 12. Rfd1 {LiveBook: 4 Games} Nbd7 (12... a6 13. Nd2 Qc7 14. Rac1 Rd8 15. Bf1 Nbd7 16. Nde4 {½-½ (86) Zanan,E (2497)-Rodshtein,M (2688) Teplice 2018}) 13. Bg3 Qb8 $146 ({Predecessor:} 13... Nc5 14. Rd4 Qb8 {½-½ (30) Shishkin,V (2117)-Gomez Galan Arense,J (2012) Chessfriend.com 2005}) 14. Qd2 {[%cal Rg3d6]} Ne5 15. Nb5 (15. Nd4 $14) 15... Ne4 $11 16. Qb4 {[#] And now Bxe5 would win.} Nxg3 17. hxg3 {Hoping for Nxe5.} Nxf3+ (17... Re8 {keeps more tension.} 18. Nxd6 Bxf3 19. gxf3 Rd8 20. c5 bxc5 21. Qxb8 Raxb8 22. Nb5 Rxd1+ 23. Rxd1 a6) 18. gxf3 Rd8 19. Rd2 a6 20. Nc3 Bc6 21. Rc1 Qb7 22. Kg2 d5 23. Qb3 dxc4 24. Rxd8+ Rxd8 25. Qxc4 b5 {[%cal Bb6b5,Bb5b4][%mdl 32]} 26. Qb3 $1 b4 {[#] Strongly threatening ...Rd2.} 27. Nb1 Bf6 28. Rc2 (28. e4 $15) 28... Bd5 $17 29. Qa4 Bxa2 ({Better is} 29... b3 $17 30. axb3 Bxb3) 30. Bxa6 $11 ({Wrong is} 30. Qxa2 $2 b3 $19) 30... Qb8 31. Rc1 ({Don't blunder} 31. Qxa2 $2 b3 $19) 31... Bxb1 32. Rxb1 Qa7 {...Ra8 is the strong threat.} 33. b3 Rd2 34. Re1 Bc3 35. Re2 Rd1 36. Qc6 g6 37. Rc2 Kh7 38. Ra2 Kg7 39. Qe4 Qc5 40. Be2 Re1 41. f4 h5 42. Qc4 Qe7 43. Ra8 Kh7 (43... Ra1 $11 {remains equal.} 44. Rxa1 Bxa1) 44. Bf3 (44. Qb5 $16) 44... Ra1 {The position is equal.} 45. Rb8 {Threatening Rb7.} Ra7 $1 46. Qb5 Qd7 47. Qxd7 Ra8 $2 {[%mdl 40960] Precision: White = 60%, Black = 55%. . An unexpected result.} (47... Rxd7 $11 48. Bc6 Rc7) 1/2-1/2

[Event "11th Arad Open 2018"]
[Site "Arad"]
[Date "2018.08.06"]
[Round "2"]
[White "Miloi, Pavel-Dan"]
[Black "Farkas, Gabor"]
[Result "0-1"]
[WhiteElo "2047"]
[BlackElo "2366"]
[Annotator "TA"]
[PlyCount "114"]
[EventDate "2018.08.05"]
[EventType "swiss"]
[EventCountry "ROU"]
[SourceTitle "playchess.com"]
[Source "ChessBase"]
[SourceQuality "1"]

{[%evp 13,114,63,116,114,146,139,160,156,164,171,168,153,169,170,171,158,188,174,185,163,188,190,177,145,143,129,129,114,120,124,127,140,138,133,136,129,127,113,111,116,135,121,152,121,135,0,0,0,29,-98,-113,-113,-42,-233,-258,-239,-50,-244,-125,-125,-111,-100,-8,-12,-10,-27,-9,-181,-4,-105,-12,-83,-83,-149,-152,-154,-154,-553,-479,-1419,-737,-29977,-12060,-29976,-29977,-29983,-29984,-29984,-29985,-29995,-29996,-29996,-29989,-29997,-29993,-29993,-29994,-29995,-29994,-29994,-29991,-29997,-5306]} 1. d4 Nf6 2. Nf3 c5 3. d5 e6 4. Nc3 exd5 5. Nxd5 Nxd5 6. Qxd5 d6 {A43: Schmid Benoni} (6... Nc6 7. Ng5 Qe7 8. c3 d6 9. Bf4 Be6 10. Qd2 d5 11. e3 h6 12. Nxe6 Qxe6 13. O-O-O O-O-O 14. Bd3 Bd6 {1-0 (53) Kramnik,V (2809)-Hou,Y (2651) Medias 2016}) 7. Ng5 Qf6 {LiveBook: 3 Games} (7... Qe7 $14) 8. Nxh7 $1 $16 Qe6 $146 {White is better.} ({Predecessor:} 8... Qf5 9. Qxf5 Bxf5 10. Nxf8 Bxc2 11. Bf4 Ke7 12. Rc1 Ba4 13. Rc3 Rxf8 14. Re3+ Kf6 15. Bxd6 Rc8 16. Be5+ Kf5 17. Bxg7 Nc6 18. Ra3 Bb5 19. e4+ Kg6 20. Rg3+ {1-0 (20) Brumen,D (2359)-Pavic,F (2216) Zagreb 2015}) 9. Qxe6+ fxe6 10. Nxf8 Kxf8 11. e4 Nc6 12. c3 Ne5 13. f3 Bd7 14. Be3 Nf7 15. O-O-O Ke7 16. Be2 b5 17. h4 a5 18. g3 b4 19. c4 Bc6 20. Rhf1 a4 21. Bd3 Bb7 22. Rf2 b3 23. a3 Ne5 24. Bg5+ Kd7 25. Bf4 Nc6 {[#]} 26. e5 $1 {[%mdl 512]} Nd4 (26... Nxe5 27. Bxe5) 27. exd6 Nxf3 28. Be2 Nd4 29. Bf1 (29. Re1 $16) 29... Raf8 $11 30. Rdd2 Rf7 31. Bg2 (31. Be3 $11 Rhf8 32. Bh3) 31... Bxg2 $17 32. Rxg2 Rhf8 (32... Nf3 $17 33. Rd1 Nxh4) 33. Rdf2 $2 {[#]} (33. Rd3 $15) 33... e5 $1 $19 {[%cal Re5f4][%mdl 512]} 34. Be3 {[#] With the idea Rxf7+.} (34. Bxe5 Rxf2) 34... Kxd6 $2 (34... Rf3 $1 $19 {...Nc2 is the strong threat.} 35. Kd2 Kxd6) 35. g4 $2 (35. Rxf7 $15 Rxf7 36. Rf2) 35... Nc2 (35... Rf3 $19 36. Rxf3 Rxf3) 36. Rxf7 $17 Rxf7 {[%mdl 4096] Endgame KRB-KRN} 37. Rf2 Rd7 (37... Ra7 $17 38. Bg5 Nd4) 38. Rd2+ $11 Nd4 39. h5 Ke6 40. Rf2 $2 {[#]} (40. g5 $11 {and White stays safe.}) 40... e4 $2 (40... Nc2 $1 $19 {[%cal Rc2e3]} 41. Rxc2 (41. Bxc5 $2 Ne1 $19) 41... bxc2 42. Kxc2 Rb7) 41. g5 (41. Rd2 $1 $11) 41... Nf5 ({Better is} 41... Nc2 $17 42. Re2 (42. Bxc5 $2 Ne1 $19) 42... Nxe3 43. Rxe3 Rd4) 42. Bxc5 (42. Rd2 $1 $11 {keeps the balance.} Rf7 43. g6 (43. Bxc5 Rc7 $15)) 42... Rc7 $17 43. Bb4 (43. Bb6 $142 Rxc4+ 44. Kd1) 43... Rxc4+ 44. Bc3 e3 45. Re2 $2 (45. Rf1 $17 {is a better chance.}) 45... Rh4 $19 46. h6 (46. Kd1 $142 Rh1+ 47. Re1 Rxh5 48. Rg1) 46... gxh6 {Strongly threatening ...Rh1+.} 47. gxh6 Rxh6 (47... Kd5 $142 48. Re1 Rxh6 49. Rg1 Ke4 50. Kd1 Kd3 51. Kc1 e2 52. Kb1 Nd4 53. Be1 Nf3 54. Rg3 Rh1 55. Rxf3+ Ke4 56. Kc1 Kxf3 57. Kd2 Rg1 58. Bh4 Rd1+ 59. Kc3 Rh1 60. Be1 Rxe1 61. Kb4 Rc1 62. Kxa4 e1=Q 63. Kb5 Qe5+ 64. Ka6 Rc6+ 65. Kb7 Qb5+ 66. Ka8 Ra6#) 48. Re1 Kd5 {Black mates.} 49. Kd1 Ke4 50. Rg1 Kd3 51. Rg2 Rh1+ 52. Be1 Nd4 53. Re2 Nc2 54. Rd2+ Ke4 {[%csl Gc2][%cal Rh1e1]} 55. Re2 Rf1 56. Rxc2 bxc2+ 57. Ke2 {[#]} Rxe1+ $1 {Precision: White = 32%, Black = 42%.} 0-1